Регионална библиотека "Любен Каравелов" - Русе

Съвременният расизъм (Запис номер 156110)

MARC детайли
000 -Лидер
Контролно поле с фиксирана дължина 01479nam a2200313 c 4500
003 - Код на организацията, давaща контролен номер
Контролно поле BLK
005 - Дата и час на последна редакция
Контролно поле 20180422113427.0
008 - Елементи от данни с фиксирана дължина
fixed length control field 180410b bul|||||r ||||||| ||bul||
010 ## - Наследен системен номер
LC control number KNG00162879000
040 ## - Източник на каталожния запис
Идентификатор на билиотеката - собственик на записа BLK
041 ## - Код за език
Код за езика на текст/звукозапис или на отделно заглавие Български
Код за езика КДБФ Български
080 ## - УДК
Текстов определител УДК Движения срещу определени раси и националности
УДК код - определител по УДК 323.12
УДК определител
УДК - код + определител 323.12
139 ## - Редно поле
Редна дума Съвременният расизъм
Авторски знак Съ - С 96
245 10 - Сведения за заглавието
Заглавие Съвременният расизъм
Подзаглавни данни Сб. док. и материали
Редно поле (дума) авт.-състав. Н. Ф. Ножнова; авт.-състав. Ю. С. Оганисян; прев. от рус. Алиса Киркова.
257 ## - Страна на издаване
Страна на създаване/издаване България
260 ## - Област на издателските данни
-- София
Име на издателя, разпространителя и проч. Партиздат
Година на издаване 1983
Печатница В. Търново : Д. Найденов
300 ## - Физическа характеристика
Страници 352 с.
Размери/Мащаб 20 см
380 ## - Жанр
Жанр Обществени науки
490 1# - СЕРИИ (Колекции)
Име на серия Империализмът : Събития, факти, док.
500 ## - Общи забележки
Забележка Ориг. загл. - Современный расизм как он есть. - 1 110 тир.
700 1# - Други автори (авторска отговорност)
Лично име Ножнова, Н. Ф.
Автороска отговорност (Описва отношението между автора и произведението) авт.-състав.
9 (RLIN) 103795
700 1# - Други автори (авторска отговорност)
Лично име Оганисян, Ю. С.
Автороска отговорност (Описва отношението между автора и произведението) авт.-състав.
9 (RLIN) 104385
700 1# - Други автори (авторска отговорност)
Лично име Киркова, Алиса
Автороска отговорност (Описва отношението между автора и произведението) прев. от рус.
9 (RLIN) 381169
852 ## - Местоположение
Форматна сигнатура Цб 119599
856 4# - Електронен адрес и достъп
Електронен формат pdf - файл
Път до файла /url/
856 4# - Електронен адрес и достъп
Електронен формат pdf - файл
Път до файла /url/
942 ## - АРТИКУЛИ
Вид на библиотечния материал Книги
Скрит в OPAC Не
944 ## - СЪЗДАВАНЕ И РЕДАКЦИЯ на ЗАПИСА
Създаване/Редакция Създаване
Дата на регистрацията/редакция 10.07.2014
Статус, дата на статуса 10.07.2014 - от С1,Р / 10.07.2014
Служител, извършил регистрацията/редакцията Любка_Николова
944 ## - СЪЗДАВАНЕ И РЕДАКЦИЯ на ЗАПИСА
Създаване/Редакция Редакция
Дата на регистрацията/редакция 15.03.2018
Статус, дата на статуса 10.07.2014 - от С1,Р / 10.07.2014
Служител, извършил регистрацията/редакцията Симона_Петрова
999 ## - СИСТЕМНИ КОНТРОЛНИ НОМЕРА
Koha biblionumber 156110
Koha biblioitemnumber 156110
Наличности
Код за отписване Код за изгубен артикул Източник на класификационната схема Код за повреда Коз за рестрикции Код за отдаване Артикулен № Име на библиотеката - собственик Име на библиотеката, в която се намира в момента Статус (Текущо местоположение) Дата на вписване в системата Местоположение - отдел Цена в лева Инвентарен номер Систематично азбучна сигнатура Баркод Номер на екземпляра Цена в евро Служебна бележка Служебен тип на артикула
  Не е изгубен Universal Decimal Classification Не е повреден без рестрикции ползва се в читалня 261737 Регионална библиотека "Любен Каравелов" Русе Регионална библиотека "Любен Каравелов" Русе Хранилище 1983-01-01 Хранилище 1.69 370808 Цб 119599 120000370808 1 0.86 N: стар фонд Дата: 01.01.1983 Книги
Изтеглен Не е изгубен Universal Decimal Classification Не е повреден без рестрикции заемане за дома 261738 Регионална библиотека "Любен Каравелов" Русе Регионална библиотека "Любен Каравелов" Русе Заемна - подръчен фонд 1983-01-01 Заемна - подръчен фонд 1.69 371312 П 323/С 96 371312 2 0.86 N: стар фонд Дата: 01.01.1983 Дата инв: 21.03.2018 Бележки инв: П2018 Книги
Vip Innovations Ltd, Rousse, Bulgaria 2025